| 000 | 00546nam a2200217 a 4500 | ||
|---|---|---|---|
| 001 | 0001-2300 | ||
| 003 | ELIB.Books | ||
| 008 | 190814 2010 eng | ||
| 020 | _a0883443562 | ||
| 092 |
_a261.8 _bNel |
||
| 100 | _aNelson-Pallmeyer, Jack. | ||
| 245 | _aThe Politics of Compassion | ||
| 260 |
_aNew York _bOrbis Books _c1986 |
||
| 300 |
_a132 _c23.5cm |
||
| 650 | _aSocial | ||
| 856 |
_nKBTS Library _uKBTS Elib |
||
| 942 |
_2ddc _cBK |
||
| 990 | _a1 | ||
| 998 |
_aEnglishbooks.elf _ccat _e2019-08-14 |
||
| 999 |
_c12300 _d12300 |
||